La Viabilidad de la integración del Caribe /
Đã lưu trong:
| Tác giả chính: | |
|---|---|
| Định dạng: | Texto |
| Các nhãn: |
Thêm thẻ
Không có thẻ, Là người đầu tiên thẻ bản ghi này!
|
MARC
| LEADER | 00000 a a2200000 04500 | ||
|---|---|---|---|
| 001 | 5589 | ||
| 003 | |||
| 040 | |||
| 100 | |a Cárdenas, Osvaldo | ||
| 245 | |a La Viabilidad de la integración del Caribe / |c Osvaldo Cárdenas | ||
| 773 | |g número 5; páginas 4-19 | ||
| 999 | |c 34477 |d 34477 | ||
| 773 | 0 | |0 43669 |9 5599 |a Universidad Nacional Autónoma de México. |d México D.F: CELA |o SIABUC: 22334_05 |t El Caribe contemporáneo / | |
